Historia política de la argentina contemporanea 1880-1983 /
Guardado en:
| Autor Principal: | |
|---|---|
| Otros Autores: | |
| Formato: | Libro |
| Publicado: |
Buenos Aires :
Alianza,
1992
|
| Edición: | 4a. ed. |
| Series: | Ensayo ; No. 6
|
| Materias: | |
| Etiquetas: |
Agregar Etiqueta
Sin Etiquetas, Sea el primero en etiquetar este registro!
|
| LEADER | 00736nam a22002415a 4500 | ||
|---|---|---|---|
| 001 | CEM.cems007671 | ||
| 005 | 20060214000000.0 | ||
| 008 | 130507s1992##################000#0#####d | ||
| 003 | CEMS | ||
| 082 | 0 | 4 | |a 982.06 |
| 100 | 1 | |a Floria, Carlos Alberto | |
| 245 | 1 | 0 | |a Historia política de la argentina contemporanea 1880-1983 / |
| 250 | |a 4a. ed. | ||
| 260 | |a Buenos Aires : |b Alianza, |c 1992 | ||
| 300 | |a 275 p. | ||
| 490 | 0 | |a Ensayo ; No. 6 | |
| 653 | |a Historia | ||
| 653 | |a Historia argentina 1880-1983 | ||
| 653 | |a Historia politica argentina | ||
| 653 | |a Proceso reorganizacion naciona | ||
| 653 | |a Revolucion argentina | ||
| 700 | 1 | |a García Belsunce, César A. | |
| 859 | |a CEMS |b BIB. CEMS - 11 de abril |h 982.06 |i F663a4 |p 17980.94 |t Ej.1 | ||
